[Event "CZE-chT2F 1920"]
[Site "Czech Republic"]
[Date "2019.12.01"]
[Round "4.4"]
[White "Krejci, Jan"]
[Black "Cempel, Jaroslav"]
[Result "1-0"]
[WhiteElo "2104"]
[BlackElo "2032"]
[PlyCount "65"]
[EventDate "2019.10.13"]
[EventType "team-tourn"]
[EventRounds "11"]
[EventCountry "CZE"]
[SourceTitle "EXT 2024"]
[Source "ChessBase"]
[SourceDate "2023.10.10"]
[SourceVersion "1"]
[SourceVersionDate "2023.10.10"]
[SourceQuality "1"]
[WhiteTeam "Litovel Tatran"]
[BlackTeam "Poruba Slavoj III"]
[WhiteTeamCountry "CZE"]
[BlackTeamCountry "CZE"]

1. Nf3 f5 2. b3 Nf6 3. Bb2 e6 4. g3 d5 5. Bg2 Bd6 6. d3 0-0 7. Nbd2 Qe7 8. Ne5 Nbd7 9. Ndf3 Nxe5 10. Nxe5 Nd7 11. Nxd7 Bxd7 12. e3 Bb4+ 13. c3 Ba3 14. Bxa3 Qxa3 15. 0-0 a5 16. Qd2 Qd6 17. d4 c6 18. Rfc1 Rfb8 19. c4 Qb4 20. Qd3 a4 21. cxd5 cxd5 22. bxa4 Rxa4 23. Rab1 Qa5 24. Rc5 b5 25. Rbc1 Rc4 26. Qb1 Rb4 27. Qc2 Ra8 28. Qd1 Qxa2 29. Qh5 Rc4 30. R1xc4 bxc4 31. Rc7 Qb1+ 32. Bf1 Ra1 33. Rc8+ 1-0

[Event "CZE-chT2F 1920"]
[Site "Czech Republic"]
[Date "2019.11.03"]
[Round "2.2"]
[White "Havelka, Ondrej"]
[Black "Cempel, Jaroslav"]
[Result "0-1"]
[WhiteElo "2130"]
[BlackElo "2050"]
[PlyCount "160"]
[EventDate "2019.10.13"]
[EventType "team-tourn"]
[EventRounds "11"]
[EventCountry "CZE"]
[SourceTitle "EXT 2024"]
[Source "ChessBase"]
[SourceDate "2023.10.10"]
[SourceVersion "1"]
[SourceVersionDate "2023.10.10"]
[SourceQuality "1"]
[WhiteTeam "Ostrava Labortech II"]
[BlackTeam "Poruba Slavoj III"]
[WhiteTeamCountry "CZE"]
[BlackTeamCountry "CZE"]

1. d4 f5 2. Qd3 e6 3. g4 d5 4. Nc3 c6 5. Bf4 Bd6 6. Bxd6 Qxd6 7. Nf3 Nf6 8. g5 Ne4 9. Ne5 Nd7 10. Nxe4 fxe4 11. Qc3 Nxe5 12. dxe5 Qf8 13. Bg2 Qf4 14. Qg3 0-0 15. 0-0 Qxg3 16. hxg3 Rf5 17. f4 exf3 18. Rxf3 Rxg5 19. Bh3 Bd7 20. Raf1 Re8 21. Rf7 Bc8 22. Rc7 Rxg3+ 23. Kh2 Rg6 24. Rff7 h5 25. Bg2 Kh7 26. Bf3 Kh6 27. e3 Rg5 28. Be2 Rg8 29. Bd3 Rxe5 30. Kg3 Rg5+ 31. Kf2 Rg4 32. Be2 Rg6 33. Bd3 Rf6+ 34. Rxf6+ gxf6 35. Rh7+ Kg5 36. Be2 Kg6 37. Rxh5 f5 38. Rh2 Kf6 39. Rh7 Ke5 40. a4 a5 41. c3 Kd6 42. b4 axb4 43. cxb4 Bd7 44. Ke1 Ra8 45. a5 b6 46. axb6 Rb8 47. Kd2 Rxb6 48. Kc3 Rb7 49. Ba6 Ra7 50. Bd3 Ra3+ 51. Kc2 Ra8 52. Kc3 Rg8 53. Rh3 Rg6 54. Rh7 Rg3 55. Kd2 Rg1 56. Rh3 Rg6 57. Rh7 Rf6 58. Ke2 e5 59. Rh4 Rg6 60. Rh1 Rg2+ 61. Kd1 Rb2 62. Rh6+ Kc7 63. b5 cxb5 64. Rh7 e4 65. Kc1 Rb4 66. Bf1 Kd6 67. Kc2 d4 68. Rh6+ Kc5 69. exd4+ Rxd4 70. Bh3 f4 71. Rh5+ Kb4 72. Bf1 Bc6 73. Re5 Bd5 74. Bh3 Bb3+ 75. Kb2 Bc4 76. Bg4 e3 77. Kc2 Bb3+ 78. Kc1 Rc4+ 79. Kb1 Bc2+ 80. Kb2 Bd3 0-1

[Event "CZE-chT2F 1920"]
[Site "Czech Republic"]
[Date "2019.10.13"]
[Round "1.3"]
[White "Jaworski, Miroslaw"]
[Black "Cempel, Jaroslav"]
[Result "1-0"]
[WhiteElo "2193"]
[BlackElo "2046"]
[PlyCount "79"]
[EventDate "2019.10.13"]
[EventType "team-tourn"]
[EventRounds "11"]
[EventCountry "CZE"]
[SourceTitle "EXT 2024"]
[Source "ChessBase"]
[SourceDate "2023.10.10"]
[SourceVersion "1"]
[SourceVersionDate "2023.10.10"]
[SourceQuality "1"]
[WhiteTeam "Havirov Slovan"]
[BlackTeam "Poruba Slavoj III"]
[WhiteTeamCountry "CZE"]
[BlackTeamCountry "CZE"]

1. d4 f5 2. g3 Nf6 3. Bg2 e6 4. Nf3 d5 5. 0-0 c6 6. c4 Nbd7 7. Qc2 Ne4 8. Nc3 Nxc3 9. Qxc3 Bd6 10. Rb1 a5 11. a3 a4 12. c5 Be7 13. Bf4 0-0 14. Ne5 g5 15. Nxd7 Bxd7 16. Be5 Bf6 17. f4 Bxe5 18. dxe5 g4 19. Rfc1 Qa5 20. Qd4 Rfb8 21. e4 Be8 22. exf5 exf5 23. e6 Qd8 24. Qe5 Bg6 25. e7 Qd7 26. Re1 Rc8 27. Rbd1 Bf7 28. h3 gxh3 29. Bxh3 Bg6 30. Qf6 Qe8 31. Bxf5 Bxf5 32. Qxf5 Qg6 33. Qh3 Kh8 34. f5 Qf7 35. Re6 Rg8 36. Rde1 Rae8 37. Kg2 Rg5 38. R1e5 Rg7 39. Qh4 Kg8 40. Rf6 1-0

[Event "Bohumin op 2nd"]
[Site "Bohumin"]
[Date "2019.06.26"]
[Round "5"]
[White "Cempel, Jaroslav"]
[Black "Horvath, Tomas"]
[Result "0-1"]
[WhiteElo "2064"]
[BlackElo "2048"]
[PlyCount "100"]
[EventDate "2019.06.22"]
[EventType "swiss"]
[EventRounds "9"]
[EventCountry "CZE"]
[SourceTitle "CBM 191 Extra"]
[Source "ChessBase"]
[SourceDate "2019.09.30"]
[SourceVersion "1"]
[SourceVersionDate "2019.09.30"]
[SourceQuality "1"]

1. d4 Nf6 2. Bf4 e6 3. e3 c5 4. c3 Nc6 5. Nf3 Be7 6. Bd3 0-0 7. h3 a6 8. 0-0 b5 9. Nbd2 Bb7 10. Ne4 Nxe4 11. Bxe4 d6 12. Qb1 f5 13. Bc2 g5 14. Bh2 Na5 15. Nd2 Qe8 16. Qd1 Rc8 17. dxc5 dxc5 18. e4 f4 19. e5 Qf7 20. f3 Rcd8 21. Qe2 Qg7 22. Rfe1 Rd7 23. Nf1 Rfd8 24. g3 Qh6 25. gxf4 gxf4 26. Be4 Kh8 27. Bxb7 Nxb7 28. Red1 Qxh3 29. Rxd7 Rxd7 30. Rd1 Rxd1 31. Qxd1 c4 32. Qe2 Bc5+ 33. Kh1 Nd8 34. Nd2 Nf7 35. Qe4 Be3 36. Qc2 Bxd2 37. Qxd2 Qxf3+ 38. Kg1 Qg4+ 39. Kf2 f3 40. Bg3 Kg7 41. Qd1 Kg6 42. Qd7 Ng5 43. Qe8+ Kf5 44. Qf8+ Ke4 45. Qa8+ Kd3 46. Qd8+ Kc2 47. Qd4 Ne4+ 48. Ke3 Qxg3 49. Qxe4+ Kxb2 50. Qxh7 f2+ 0-1